000 00978cam a2200265 a 4500
008
020 _a1899825851 (pb35277k.)
049 _aMAIN
050 0 0 _aSD242.M27
_bFOR
245 0 0 _aForestry tactics :
_blessons from Malawi's National Forestry Programme /
_cauthors, James Mayers ... [et al.].
260 _aLondon :
_bInternational Institute of Environment and Development ,
_c2001.
300 _ax, 84 p. :
_bill. ;
_c24 cm.
440 0 _aPolicy that works for forests and people series,
_x1028-8228 ;
_vno. 11
500 _a"Malawi discussion paper."
504 _aIncludes bibliographical references .
610 2 0 _aNational Forestry Programme (Malawi)
650 0 _aForest management
_zMalawi.
700 1 _aMayers, James.
710 2 _aInternational Institute for Environment and Development.
907 _a.b1026842x
_b06-10-09
_c06-10-09
003
005 20230123124954.0
040 _cNUST
942 _cBOOKS
999 _c133467
_d133467